000 00395nam a2200133Ia 4500
005 20260326100024.0
008 260326s9999||||xx |||||||||||||| ||und||
100 _aUlled Merino, Antonio de J.
245 0 _aAlgunos Estudios Básicos de rehabilitación en España /
_cAntonio de J. Ulled Merino
260 _bTecniberia
300 _a75 p.
650 _aRESATURACIÓN Y CONSERVACIÓN
942 _cBK
999 _c6306
_d6306